000 00646nam a2200229Ia 4500
003 OSt
005 20230602110914.0
008 210423s2016 xx 000 0 und d
020 _a81-88685-04-6
040 _cAL
041 _aeng
082 _a306.74 KUMP
100 _aKUMAR (Veerendra N)
_9118714
245 _aProstitution in India: a sociological study in Mangalore
260 _aMangaluru
_bMangala Publications
_c2016
300 _aviii,264
_bHB
365 _b800
_cINR
650 _aCulture
_9118715
650 _aSocial Sciences
_9118716
906 _aIndia: ; Mangalore ; Prostitution ; sociological ; study
942 _2ddc
_cBK
999 _c176477
_d176477